000 00752cam a22002531 4500
001 1889
003 BD-RjUL
005 20211208233432.0
008 131209r19671964nyu b 000 0 eng
035 _a(BD-RjUL)1916
035 _a(OCoLC)500092
040 _aDLC
_cODaWU
_dOCoLC
_dNSbSU
_dDLC
_dBD-RjUL
_beng
041 _aeng
082 _a329.609
_bMAR 1967
100 1 _aMayer, George H.,
_d1920-
_96236
245 1 4 _aThe Republican Party, 1854-1964 /
_cGeorge H Mayer
260 _aNew York :
_bOxford University Press,
_cc1964 [Reprint 1967].
300 _aix, 604 p. ;
_c24 cm.
504 _aBibliographical references included
610 2 0 _aRepublican Party (U.S.)
_9116532
942 _2ddc
_cBK
999 _c1889
_d1889